Taming the star runner / (Record no. 441)
[ view plain ]
| 000 -LEADER | |
|---|---|
| fixed length control field | 00779cam a2200205 4500 |
| 001 - CONTROL NUMBER | |
| control field | 583 |
| 003 - CONTROL NUMBER IDENTIFIER | |
| control field | OCoLC |
| 005 - DATE AND TIME OF LATEST TRANSACTION | |
| control field | 20181127161714.0 |
| 008 - FIXED-LENGTH DATA ELEMENTS--GENERAL INFORMATION | |
| fixed length control field | 891107t19891988nyu 000 1 eng d |
| 020 ## - INTERNATIONAL STANDARD BOOK NUMBER | |
| International Standard Book Number | 0440204798 (pbk.) |
| 100 1# - MAIN ENTRY--PERSONAL NAME | |
| Personal name | Hinton, S. E. |
| 245 10 - TITLE STATEMENT | |
| Title | Taming the star runner / |
| Statement of responsibility, etc. | S.E. Hinton. |
| 260 ## - PUBLICATION, DISTRIBUTION, ETC. | |
| Place of publication, distribution, etc. | New York, N.Y. : |
| Name of publisher, distributor, etc. | Dell, |
| Date of publication, distribution, etc. | 1989, c1988. |
| 300 ## - PHYSICAL DESCRIPTION | |
| Extent | 181 p. ; |
| Dimensions | 17 cm. |
| 490 0# - SERIES STATEMENT | |
| Series statement | Laurel-leaf contemporary fiction. |
| 500 ## - GENERAL NOTE | |
| General note | "Laurel-leaf books" |
| 520 ## - SUMMARY, ETC. | |
| Summary, etc. | Sent to live with his uncle after a violent confrontation with his stepfather, sixteen-year-old Travis, an aspiring writer, finds life in a small Oklahoma town confining until he meets an eighteen-year-old horse trainer named Casey. |
| 650 #0 - SUBJECT ADDED ENTRY--TOPICAL TERM | |
| Topical term or geographic name entry element | Authorship |
| Form subdivision | Fiction. |
| Topical term or geographic name entry element | Horses |
| Form subdivision | Fiction. |
No items available.